000 00876nam a2200217Ia 4500
999 _c37562
_d37562
001 3530
003 GE_BSU
005 20190603152651.0
008 181216s1960||||ge |||||||||||||| ||geo||
040 _cGE_BSU
041 _ageo
080 _a531(076.1)+531.2 გ-73
100 _aგოჩიაშვილი,ა.
_91982
245 _aთეორიული მექანიკის პრაქტიკუმი. ნაწ.1. სტატიკა /
_cა. გოჩიაშვილი ; რედ : ა.გორგიძე.
264 _aთბილისი :
_bსპი,
_c1960.
300 _a323 გვ.:
_bნახაზ.
_c22 სმ.
653 _aთეორიული მექანიკა. სტატიკა
653 _aფიზიკა
700 _aგორგიძე,ა
_eრედაქტორი
_91983
942 _cBK
_2udc